| 000 | 00605nam a2200217Ia 4500 | ||
|---|---|---|---|
| 005 | 20250425162842.0 | ||
| 008 | 250425s9999 xx 000 0 und d | ||
| 020 | _a9781522994718 | ||
| 041 | _aspa | ||
| 082 |
_a620.1 _pD'Ad |
||
| 100 | _aD'Addario, Miguel | ||
| 245 | 0 |
_aTécnicas de mecanizado : montaje y mantenimiento _cMiguel D'Addario |
|
| 250 | _aSegunda edición | ||
| 260 |
_aOrlando _bSafeCreative _c2023 |
||
| 300 |
_a331 páginas _bilustraciones _c28 cm. |
||
| 650 | _aMecánica | ||
| 650 | _aTécnicas de Mecanizado | ||
| 902 |
_aImpreso _cFísico |
||
| 942 | _c01 | ||
| 010 | _a113723 | ||
| 999 |
_c237757 _d237757 |
||